| 000 | nam a22 a 4500 | ||
|---|---|---|---|
| 999 |
_c399 _d399 |
||
| 003 | AKMAL | ||
| 005 | 20170503154942.0 | ||
| 008 | 170503s1996 my 00 may d | ||
| 020 |
_a9839315099 (kkt.): _cRM 15.00 |
||
| 040 | _aAKMAL | ||
| 082 | 0 | 4 | _a089.9923 ZUL |
| 090 |
_a089.9923 _bZUL |
||
| 100 |
_aZulkiflee Yazid _9909 |
||
| 245 | 1 | 0 |
_aSpektrum mutiara kata / _cZulkiflee Yazid |
| 260 |
_aBatu Caves : _bAlbaz Pub. & Distribution, _c1996 |
||
| 300 |
_a278ms. ; _c22cm |
||
| 650 |
_aQuotations, Malay _9902 |
||
| 942 |
_2ddc _cBOOK |
||
| 950 | _lAKMAL | ||